000 00732nam a2200217 i 4500
001 121006
003 ES-MaACL
005 20230906191652.0
007 t|
008 070214s1972 xxu |||| | eng d
080 _a7.031.8(72)
080 _a930.26(399.7 Méjico)
245 0 0 _aPrehispanic Mexican art /
_cPaul Westheim ... [et al.] ; translated under the direction of Lancelot C. Sheppard.
260 _aNew York :
_bG. P. Putnam's Sons,
_c1972.
300 _a447 p., 83 lám. col. :
_bil. ;
_c34 cm.
650 0 4 _aArte precolombino-
_zMéxico.
_910268
651 4 _aMéxico-
_xRestos arqueológicos.
_9148679
700 1 _aWestheim, Paul.
_9116568
700 1 _aSheppard, Lancelot C.
_9106092
852 _aES-MaACL
_jA-5557
999 _c121006
_d121006